Modern higher algbra (Record no. 63923)

000 -LEADER
fixed length control field 00400nam a22001697a 4500
003 - CONTROL NUMBER IDENTIFIER
control field NUST - PNEC
005 - DATE AND TIME OF LATEST TRANSACTION
control field 20170116180827.0
008 - FIXED-LENGTH DATA ELEMENTS--GENERAL INFORMATION
fixed length control field 150727b xxu||||| |||| 00| 0 eng d
020 ## - INTERNATIONAL STANDARD BOOK NUMBER
International Standard Book Number -
040 ## - CATALOGING SOURCE
Transcribing agency LIBRARY
082 ## - DEWEY DECIMAL CLASSIFICATION NUMBER
Classification number 512 ALB
100 ## - MAIN ENTRY--PERSONAL NAME
9 (RLIN) 4435
Personal name Albert a. adrin
245 ## - TITLE STATEMENT
Title Modern higher algbra
Statement of responsibility, etc. A . adrian albert
260 ## - PUBLICATION, DISTRIBUTION, ETC.
Date of publication, distribution, etc. c1936.
650 ## - SUBJECT ADDED ENTRY--TOPICAL TERM
9 (RLIN) 4436
Topical term or geographic name entry element Algebra
General subdivision ME
942 ## - ADDED ENTRY ELEMENTS (KOHA)
Source of classification or shelving scheme
Koha item type Book
Holdings
Withdrawn status Lost status Source of classification or shelving scheme Damaged status Not for loan Permanent Location Current Location Shelving location Date acquired Total Checkouts Full call number Barcode Date last seen Price effective from Koha item type
          Pakistan Navy Engineering College (PNEC) Pakistan Navy Engineering College (PNEC)   07/27/2015   512 ALB PNECLIB-000452 07/27/2015 07/27/2015 Book
© 2023 Central Library, National University of Sciences and Technology. All Rights Reserved.